000 01179nam a2200265 i 4500
001 17517
003 ES-MaACL
005 20250902090032.0
007 t|
008 010326s2000 sp |||| | spa d
020 _a84-89318-98-0
080 _a917.291(0:82)
080 _a82-992.09"17/18"
100 1 _aÁlvarez Cuartero, Izaskun.
_9147803
245 1 0 _aAmigos de la Sociedad Económica
_b: relatos, viajes y descripción de la isla de Cuba : lección de ingreso como Amiga de Número leída el día 4 de mayo de 2000 /
_cpor Izaskun Álvarez Cuartero ; y palabras de recepción, Pablo J. Beltrán de Heredia.
260 _aMadrid :
_bDelegación en Corte, Real Sociedad Bascongada de los Amigos del País,
_c2000.
300 _a70 p. :
_bil. ;
_c21 cm.
650 4 _aLiteratura de viajes-
_yS.XVIII-
_xHistoria y crítica.
_9147804
650 4 _aLiteratura de viajes-
_yS.XIX-
_xHistoria y crítica.
_9146796
651 4 _aCuba-
_xEn la literatura.
_98093
700 1 _aBeltrán de Heredia Iraurgui, Pablo J.
_927360
710 2 _aReal Sociedad Bascongada de los Amigos del País.
_bDelegación en Corte
_96371
852 _aES-MaACL
_jL-24368
999 _c17517
_d17517